000 00908nam a22002537a 4500
999 _c11131
_d11131
003 AR-CdUCM
008 190403b ||||| |||| 00| 0 spa d
040 _aMUNICIPALIDAD PROVINCIAL DEL CUSCO
_cBIBLIOTECA MUNICIPAL DEL CUSCO
041 _hfre
082 _a129.42 /
_bM342 / 1943
100 _aMaritain, Jacques
_92421
245 _aLos derechos del hombre y la ley natural /
260 _aBuenos Aires :
_bBiblioteca Nueva,
_c1943.
300 _a159 páginas ;
_c20 cm.
440 _aColección Orfeo
_928314
500 _aLibro dañado, las hojas se están descociendo.
505 _aContenido: La sociedad de las personas humanas -- Los derechos de la persona.
650 _aDerechos humanos
_93264
650 _aFilosofía del derecho
_919771
650 _aFilosofía política
_914747
700 _aWeiss, Alfredo y Miri, Hector F. (traductor)
_928315
942 _2ddc
_cLIBROS
945 _acmm